000
00254nam a22001217a 4500
041
_a
ENG
100
_a
Dhawan.R.K
245
_a
A Textbook of Machin Drawing
260
_a
Delhi
_b
S.Chand
_c
1995
300
_a
702
650
_a
FMP
856
_u
FMP ( 16 )
999
_c
1389
_d
1389